000 01110cam a22001934a 4500
005 20250605164051.0
008 250528s ||||||||||||||||||||||||d
035 _a17279
020 _a201593734
040 _aGR-AtMCL
_bgre
_dGR-AtMCL
_eAACR2
245 1 _aInvesting in Eastern Europe / Capitalizing on Emerging Markets
260 _bAllyn And Bacon,
_c1995
300 _a164
520 _aThis book identifies investment opportunities in specific industry sectors, and offers timely insights into how the individual markets will fare in the future. Preface, Executive Summary, Introduction, Investing in a Changed Eastern Europe: The Evolution of Joint Ventures, Reasons for Investing in Eastern Europe, Eastern European Expectations of Foreign Investment, Deciding on an Investment Strategy, Choosing the Best Investment Form, Negotiating a Joint Venture or Acquisition, Privatization and Liquidation Sales, The Czech Republic, Slovakia, Hungary, Poland, Albania, Bulgaria, Romania, The Future?, Index.
700 1 _aPaliwoda Stanley
_91753
942 _cBK
999 _c2707
_d2707